Everything I know about marketing I learned from Google
| Main Author: | Goldman, Aaron |
|---|---|
| Published: |
New York:
McGraw-Hill,
c2011.
|
| Subjects: |
| LEADER | 00580cam a2200181 7i4500 | ||
|---|---|---|---|
| 001 | 0000040097 | ||
| 005 | 20170218090000.0 | ||
| 020 | |a 9780071742894 (pbk.) | ||
| 090 | 0 | 0 | |a HF5415.1265 |b .G66 2011 |
| 100 | 1 | |a Goldman, Aaron | |
| 245 | 1 | 0 | |a Everything I know about marketing I learned from Google |c Aaron Goldman. |
| 260 | |a New York: |b McGraw-Hill, |c c2011. | ||
| 300 | |a x, 341 p.: |b ill.; |c 24 cm. | ||
| 500 | |a Includes index | ||
| 650 | 0 | 0 | |a Internet marketing |
| 650 | 0 | 0 | |a Marketing |
| 997 | |a Business & Accountancy, Faculty | ||
| 999 | |a 0000053377 |b BOK |c OPEN SHELF |e 1st Floor, Shah Alam | ||


